000 00231nam a2200097Ia 4500
008 190216s9999||||xx |||||||||||||| ||und||
100 _aNull
245 0 _aHindi-Vish Ko Badal Damenam
260 _bPrabhakar Publications
942 _cBK
999 _c18515
_d18515